Stations de tramway Marseille - extension T3 + nouveaux noms d'arrêts - Statistiques

Statistiques générales
  • Ce quiz a été pris 65 fois
  • Le résultat moyen est 37 sur 51
Statistiques - réponses
T1 % Correct
Gèze
100%
La Blancarde
94%
La Blancarde
94%
Noailles
94%
Noailles
94%
Belsunce Alcazar
88%
Belsunce Alcazar
88%
Castellane
88%
Joliette
88%
Joliette
88%
Les Caillols
88%
Palais Longchamp
88%
Cinq Avenues
82%
République Dames
82%
République Dames
82%
Sadi Carnot
82%
Sadi Carnot
82%
Saint-Pierre
82%
Foch Sakakini
76%
Place de Rome
76%
Réformés Canebière
76%
Rome Davso
76%
Rome Dragon
76%
Sainte-Thérèse
76%
William Booth
76%
Arenc Euroméditerranée
71%
Arenc Euroméditerranée
71%
Canebière Capucins
71%
Cours Saint-Louis
71%
Eugène Pierre
71%
Foch Boisson
71%
George
71%
La Boiseraie
71%
La Parette
71%
Air Bel
65%
Camas
65%
La Gaye
65%
Longchamp National
65%
Sainte-Marguerite Dromel
65%
Euroméditerranée Le Silo
59%
Euroméditerranée Le Silo
59%
Jean Martin
59%
La Grognarde
59%
Parc du 26ème Centenaire
59%
Place Ferrié
53%
Salengro Bachas
53%
Aubert Ganay
47%
Cantini Rouet
47%
Hôpital Sainte-Marguerite
47%
Salengro Cougit
47%
Parc Sévigné
41%
Aucun quiz correspondant
Distribution des résultats
% des personnes avec chaque résultat
Percentile par nombre de réponses
Votre historique - résultats
Vous n’avez pas pris ce quiz